| 000 | 01081cam a2200145 4500500 | ||
|---|---|---|---|
| 005 | 20260405024650.0 | ||
| 041 | _afre | ||
| 042 | _adc | ||
| 100 | 1 | 0 |
_aThomasset, Claude _eauthor |
| 700 | 1 | 0 |
_aUeltschi, Karin _eauthor |
| 245 | 0 | 0 | _aPour lire l'ancien français |
| 260 |
_bArmand Colin,
_c2012. |
||
| 520 | _aÀ la fois grammaire et incitation à la lecture des textes en ancien français, cet ouvrage rend compte des principales constructions, des tournures particulières à l’ancienne langue et des mots grammaticaux essentiels. La variété et le nombre des exemples retenus constituent une approche sérieuse et vivante d’une langue alors en pleine évolution. Assurer la maîtrise d’un savoir simple, sûr et efficace, tel est le propos de ce livre. Inviter à la découverte de l’histoire de la langue française au Moyen Âge, telle est sa vocation profonde. Cette nouvelle édition propose de ce texte une version revue et corrigée. | ||
| 856 | 4 | 1 | _uhttps://shs.cairn.info/pour-lire-l-ancien-francais--9782200278649?lang=fr&redirect-ssocas=7080 |
| 999 |
_c2140388 _d2140388 |
||